<?xml version="1.0" encoding="UTF-8"?>
<record
    xmlns:xsi="http://www.w3.org/2001/XMLSchema-instance"
    xsi:schemaLocation="http://www.loc.gov/MARC21/slim http://www.loc.gov/standards/marcxml/schema/MARC21slim.xsd"
    xmlns="http://www.loc.gov/MARC21/slim">

  <leader>00543nam a22001577a 4500</leader>
  <datafield tag="999" ind1=" " ind2=" ">
    <subfield code="c">8146</subfield>
    <subfield code="d">8146</subfield>
  </datafield>
  <controlfield tag="003">AUA.1</controlfield>
  <controlfield tag="005">20200203125019.0</controlfield>
  <controlfield tag="008">121025t        xxu||||| |||| 00| 0 eng d</controlfield>
  <datafield tag="040" ind1=" " ind2=" ">
    <subfield code="c">JTL</subfield>
  </datafield>
  <datafield tag="100" ind1=" " ind2=" ">
    <subfield code="a">Kra, Emmanuel K.</subfield>
    <subfield code="9">27939</subfield>
  </datafield>
  <datafield tag="245" ind1=" " ind2=" ">
    <subfield code="a">The attraction of the Seventh-Day Adventist members to penticostal charismatic movements in Abidjan, Cote D'Ivoire /</subfield>
    <subfield code="c">Emmanuel K. Kra.</subfield>
  </datafield>
  <datafield tag="300" ind1=" " ind2=" ">
    <subfield code="a">71 p.</subfield>
    <subfield code="c">29 cm.</subfield>
  </datafield>
  <datafield tag="650" ind1=" " ind2=" ">
    <subfield code="a">Seventh-day Adventists</subfield>
    <subfield code="9">27940</subfield>
  </datafield>
  <datafield tag="650" ind1=" " ind2=" ">
    <subfield code="a">Pentecostals</subfield>
    <subfield code="9">27941</subfield>
  </datafield>
  <datafield tag="942" ind1=" " ind2=" ">
    <subfield code="2">aua</subfield>
    <subfield code="c">PROJECT</subfield>
    <subfield code="h">MA Lead</subfield>
    <subfield code="i">.K73 2009</subfield>
  </datafield>
  <datafield tag="952" ind1=" " ind2=" ">
    <subfield code="0">0</subfield>
    <subfield code="1">0</subfield>
    <subfield code="2">aua</subfield>
    <subfield code="4">0</subfield>
    <subfield code="7">0</subfield>
    <subfield code="8">JTL Research Collection</subfield>
    <subfield code="a">AUA.1</subfield>
    <subfield code="b">AUA.1</subfield>
    <subfield code="c">RESC</subfield>
    <subfield code="d">2012-10-25</subfield>
    <subfield code="e">AUA RESEARCH DEPARTMENT</subfield>
    <subfield code="g">15.00</subfield>
    <subfield code="h">AUA011187</subfield>
    <subfield code="l">1</subfield>
    <subfield code="o">MA Lead .K73 2009</subfield>
    <subfield code="p">AUA011187</subfield>
    <subfield code="r">2013-09-11 00:00:00</subfield>
    <subfield code="s">2013-09-10</subfield>
    <subfield code="v">15.00</subfield>
    <subfield code="w">2012-10-25</subfield>
    <subfield code="y">PROJECT</subfield>
  </datafield>
  <datafield tag="952" ind1=" " ind2=" ">
    <subfield code="0">0</subfield>
    <subfield code="1">0</subfield>
    <subfield code="2">aua</subfield>
    <subfield code="4">0</subfield>
    <subfield code="7">0</subfield>
    <subfield code="8">JTL Research Collection</subfield>
    <subfield code="a">AUA.1</subfield>
    <subfield code="b">AUA.1</subfield>
    <subfield code="c">RESC</subfield>
    <subfield code="d">2012-10-25</subfield>
    <subfield code="e">AUA RESEARCH DEPARTMENT</subfield>
    <subfield code="g">15.00</subfield>
    <subfield code="h">AUA011188</subfield>
    <subfield code="o">MA Lead .K73 2009</subfield>
    <subfield code="p">AUA011188</subfield>
    <subfield code="r">2012-10-25 00:00:00</subfield>
    <subfield code="t">2</subfield>
    <subfield code="v">15.00</subfield>
    <subfield code="w">2012-10-25</subfield>
    <subfield code="y">PROJECT</subfield>
  </datafield>
</record>
